[Event "MEX-ch 26 (Women)"]
[Site "Merida"]
[Date "2019.05.15"]
[Round "4"]
[White "Grimaldo Galeana, Sacnicte"]
[Black "Cima Ruiz, Maria Ines"]
[Result "1-0"]
[WhiteElo "1539"]
[BlackElo "1096"]
[PlyCount "85"]
[EventDate "2019.05.12"]
[EventType "swiss"]
[EventRounds "6"]
[EventCountry "MEX"]
[SourceTitle "EXT 2020"]
[Source "ChessBase"]
[SourceDate "2019.10.17"]
[SourceVersion "1"]
[SourceVersionDate "2019.10.17"]
[SourceQuality "1"]

1. e4 e5 2. Nf3 Nf6 3. Nc3 Nc6 4. d3 Bc5 5. Bg5 0-0 6. Nd5 Be7 7. Nxe7+ Qxe7 8. Qd2 d6 9. h3 Nd4 10. Nxd4 exd4 11. 0-0-0 Qe6 12. Kb1 Nd7 13. f4 f6 14. f5 Qe5 15. Bf4 Qb5 16. Qf2 Nc5 17. Qxd4 a5 18. Qd5+ Kh8 19. d4 Qa4 20. dxc5 dxc5 21. Qxc5 Qe8 22. Bxc7 Bd7 23. Qd6 Bc6 24. Bd3 Bxe4 25. Bxe4 Qxe4 26. Qd7 Rfe8 27. Qf7 Rac8 28. Rd7 Qe1+ 29. Rd1 Qe4 30. Qd7 Qc4 31. Rhe1 Rg8 32. Re7 h6 33. Rxg7 Rxg7 34. Qxc8+ Kh7 35. Qxb7 Rxc7 36. Rd7+ Rxd7 37. Qxd7+ Kh8 38. Qe8+ Kg7 39. Qg6+ Kh8 40. Qxf6+ Kh7 41. Qg6+ Kh8 42. Qxh6+ Kg8 43. f6 1-0

[Event "MEX-ch 26 (Women)"]
[Site "Merida"]
[Date "2019.05.13"]
[Round "2"]
[White "Castro, Puente Mayra"]
[Black "Cima Ruiz, Maria Ines"]
[Result "1-0"]
[WhiteElo "1419"]
[BlackElo "1096"]
[PlyCount "75"]
[EventDate "2019.05.12"]
[EventType "swiss"]
[EventRounds "6"]
[EventCountry "MEX"]
[SourceTitle "EXT 2020"]
[Source "ChessBase"]
[SourceDate "2019.10.17"]
[SourceVersion "1"]
[SourceVersionDate "2019.10.17"]
[SourceQuality "1"]

1. e4 e5 2. Nf3 Nf6 3. Nc3 Nc6 4. Bc4 Nxe4 5. Bxf7+ Kxf7 6. Nxe4 Be7 7. d3 d5 8. Neg5+ Kg8 9. c3 h6 10. Nh3 Bg4 11. Qe2 Bf6 12. Qe3 Qd7 13. Bd2 e4 14. Nd4 Re8 15. 0-0 Nxd4 16. cxd4 exd3 17. Qf4 Re4 18. Qg3 Bxh3 19. gxh3 Bxd4 20. Qxd3 Qf5 21. Qb3 Re6 22. Rae1 b6 23. Rxe6 Qxe6 24. Re1 Qf5 25. Qg3 Kh7 26. Re7 Rc8 27. Bc3 Bxc3 28. bxc3 Qg6 29. Kf1 Qb1+ 30. Kg2 Qg6 31. Kf1 a5 32. Qg4 Qf6 33. Rd7 Qxc3 34. Rxd5 Qa1+ 35. Rd1 Qe5 36. Qxc8 Qxh2 37. Qf5+ Kg8 38. Rd8# 1-0